[Event "Chess Kids U13 A"]
[Site "Chess.com INT"]
[Date "2024.06.29"]
[Round "5"]
[White "Llari, Marc"]
[Black "Pang, Ethan"]
[Result "1-0"]
[WhiteElo "2226"]
[BlackElo "2212"]
[PlyCount "105"]
[EventDate "2024.06.29"]
[EventType "swiss (blitz)"]
[EventRounds "10"]
[EventCountry "NET"]
[SourceTitle "EXT 2025"]
[Source "ChessBase"]
[SourceDate "2024.10.14"]
[SourceVersion "1"]
[SourceVersionDate "2024.10.14"]
[SourceQuality "1"]
[WhiteTeam "FRA"]
[BlackTeam "ENG"]

1. d4 d5 2. Bf4 c5 3. e3 Nc6 4. Nf3 Bf5 5. c3 e6 6. Bd3 Bg6 7. Qe2 Nf6 8. h3 Bd6 9. Bxd6 Qxd6 10. 0-0 0-0 11. Nbd2 e5 12. dxe5 Nxe5 13. Nxe5 Qxe5 14. Nf3 Qc7 15. Bxg6 hxg6 16. Rad1 Rad8 17. c4 Rfe8 18. cxd5 Nxd5 19. a3 Nf4 20. Qc4 Ne6 21. Qc2 Rxd1 22. Rxd1 Rd8 23. Rxd8+ Qxd8 24. Qd2 Qxd2 25. Nxd2 Kf8 26. Kf1 Ke7 27. Ke2 a6 28. a4 b5 29. axb5 axb5 30. b3 Kd6 31. Kd3 Kd5 32. e4+ Kd6 33. g3 Nd4 34. f4 Nxb3 35. Nxb3 c4+ 36. Kc3 cxb3 37. Kxb3 Kc5 38. e5 b4 39. h4 Kb5 40. g4 Kc5 41. h5 gxh5 42. gxh5 Kd5 43. Kxb4 Ke4 44. Kc5 Kxf4 45. Kd6 Kg4 46. Ke7 f5 47. exf6 gxf6 48. h6 f5 49. h7 f4 50. h8Q f3 51. Qh1 Kg3 52. Qf1 f2 53. Kf6 1-0

[Event "Chess Kids U13 A"]
[Site "Chess.com INT"]
[Date "2024.06.29"]
[Round "3"]
[White "Llari, Marc"]
[Black "Radzimski, Antoni"]
[Result "1-0"]
[WhiteElo "2226"]
[BlackElo "2038"]
[PlyCount "165"]
[EventDate "2024.06.29"]
[EventType "swiss (blitz)"]
[EventRounds "10"]
[EventCountry "NET"]
[SourceTitle "EXT 2025"]
[Source "ChessBase"]
[SourceDate "2024.10.14"]
[SourceVersion "1"]
[SourceVersionDate "2024.10.14"]
[SourceQuality "1"]
[WhiteTeam "FRA"]
[BlackTeam "POL"]

1. d4 Nf6 2. Bf4 g6 3. Nf3 Bg7 4. e3 0-0 5. Be2 d6 6. h3 Nbd7 7. 0-0 b6 8. c4 Bb7 9. Nc3 Qe8 10. Bh2 Ne4 11. Nxe4 Bxe4 12. Nd2 Bb7 13. Bf3 Bxf3 14. Nxf3 e5 15. Re1 a5 16. Rc1 Rb8 17. Qc2 Qe7 18. a3 f5 19. Rcd1 Kh8 20. b4 axb4 21. axb4 g5 22. c5 bxc5 23. bxc5 g4 24. cxd6 cxd6 25. hxg4 fxg4 26. Nd2 Nf6 27. dxe5 dxe5 28. Qa4 Rb4 29. Qa5 Nh5 30. Nf1 Rb2 31. Rd2 Rxd2 32. Qxd2 Rd8 33. Qe2 Qg5 34. Ng3 Nf6 35. Rd1 Rf8 36. Qc2 h5 37. Nf5 Re8 38. Nxg7 Kxg7 39. Qc7+ Kg6 40. Qc2+ Qf5 41. Qxf5+ Kxf5 42. Bg3 Ne4 43. Bh4 Rg8 44. Kh2 g3+ 45. fxg3 Rc8 46. Rd7 Rc3 47. Rf7+ Kg6 48. Re7 Kf5 49. Rf7+ Kg6 50. Rf3 Nd2 51. Rf6+ Kg7 52. Rf5 Rxe3 53. Rxh5 Nf1+ 54. Kg1 Nd2 55. Kf2 Rd3 56. Rxe5 Nc4 57. Re7+ Kg6 58. Rc7 Ne5 59. Ke2 Ra3 60. Rc5 Ra2+ 61. Ke3 Ng4+ 62. Kf4 Nh6 63. Rc6+ Kh7 64. Kg5 Ra5+ 65. Kf6 Rf5+ 66. Ke7 Rf2 67. g4 Nxg4 68. Bxf2 Nxf2 69. Kf6 Ng4+ 70. Kg5 Ne3 71. Rc7+ Kg8 72. g4 Nd5 73. Ra7 Ne3 74. Kf4 Nd5+ 75. Ke5 Ne3 76. g5 Kf8 77. g6 Ng4+ 78. Kf5 Nh6+ 79. Kg5 Ng8 80. Rf7+ Ke8 81. Rg7 Kf8 82. Ra7 Ke8 83. Ra8+ 1-0